000
00327nam a2200145Ia 4500
100
_a
Sastry/ K.S./ Dhameja/ Nand.
942
_c
BK
654
_a
Management
245
_a
Practice of Management Accounting
260
_b
Wheeler pub
_c
1995
082
_a
658.1511
_b
SAS/DH
300
_a
491
546
_a
ENGLISH
999
_c
19022
_d
19022